000 00455nam a22001817a 4500
003 MPLRDC
005 20220104192154.0
008 210129b ||||| |||| 00| 0 eng d
020 _a978-7-208-08696-8
082 _a848.2 ZTX-8
100 _a朱天心
245 _a学飞的盟盟
_c谢海盟 绘
250 _a一版一刷
260 _a中国
_b上海人民出版社
_c2009
300 _b
650 _a现代别集
942 _cBK
_o848.2 ZTX-8
999 _c64590
_d64580